Antonio Murado (Record no. 13967)

MARC details
000 - LÍDER
campo de control de longitud fija 00816nam a2200217Ia 4500
008 - ELEMENTOS DE DATOS DE LONGITUD FIJA - INFORMACIÓN GENERAL
campo de control de longitud fija 0000001994 sp ad 0000000000spa00
090 ## - NÚMERO DE LLAMADA DE TIPO LC LOCALMENTE ASIGNADO (OCLC)
Número de clasificación (OCLC) (R) PSP00 C66a
100 1# - ENTRADA PRINCIPAL - NOMBRE PERSONAL
Nombre de la persona Copón, Miguel
245 10 - TÍTULO DECLARACIÓN
Título Antonio Murado
Resto del título : marañas
Declaración de responsabilidad / Miguel Copón
260 ## - PUBLICACIÓN, DISTRIBUCIÓN
Lugar de publicación Orense (España) : Galería vter
Fecha de publicación 1994
300 ## - DESCRIPCIÓN FÍSICA
Alcance 19 p.
Dimensiones / 27 cm.
500 ## - NOTA GENERAL
Nota general Exposición realizada en Galera vter de Orense, España, entre los meses de noviembre y diciembre de 1994 \ Donación de Klaus Steinmetz, 2011
501 ## - Con nota
Con nota Luz lenta / Miguel Copón
600 00 - ENTRADA DE SUJETO AÑADIDO - NOMBRE PERSONAL
Nombre de la persona MURADO, ANTONIO, 1964/
Subdivisión general TRABAJOS PICTORICOS
650 14 - ENTRADA DE SUJETO AÑADIDO - TÉRMINO TÓPICO
Término tópico o elemento de entrada del nombre geográfico PINTURA ESPAÑOLA
650 14 - ENTRADA DE SUJETO AÑADIDO - TÉRMINO TÓPICO
Término tópico o elemento de entrada del nombre geográfico ARTE CONTEMPORANEO ESPAÑOL
650 14 - ENTRADA DE SUJETO AÑADIDO - TÉRMINO TÓPICO
Término tópico o elemento de entrada del nombre geográfico ARTISTAS PLASTICOS ESPAÑOLES
650 14 - ENTRADA DE SUJETO AÑADIDO - TÉRMINO TÓPICO
Subdivisión general CATALOGOS
650 14 - ENTRADA DE SUJETO AÑADIDO - TÉRMINO TÓPICO
Subdivisión general EXPOSICIONES
650 14 - ENTRADA DE SUJETO AÑADIDO - TÉRMINO TÓPICO
Término tópico o elemento de entrada del nombre geográfico PINTORES ESPAÑOLES
Holdings
Estado de retirada Pérdida de estatus Estado dañado No para préstamo Código de recogida Ubicación permanente Ubicación actual Ubicación de las estanterías Fecha de adquisición Número de llamada completo Código de barras Fecha de la última vez que se vio Número de copia Precio efectivo desde Tipo de artículo Koha
        General ArtNexus ArtNexus General 06/09/2022 P-SP-00 C66A 14145 06/09/2022 Ej.1 06/09/2022 Libro

Powered by Koha